000 00526nam a22001697a 4500
005 20231030094954.0
008 231030b |||||||| |||| 00| 0 eng d
041 _aEnglish
082 _a347.7
100 _aIsaacs, I
_lEnglish
245 _aBeck's Theory and Principles of pleading in Civil Actions /
_cI Isaacs
250 _aSecond Edition
260 _aDurban :
_bButterworth & Co. Ltd,
_c1952
300 _bxxxiv, 327 pages ;
_e3 Editions
650 _alegal practice
_bLaw
942 _cBK
_6ALISON_BN_VRIES
999 _c133
_d133